LEADER 00943nam0-22003251i-450- 001 990003138800403321 010 $a0-391-03582-7 035 $a000313880 035 $aFED01000313880 035 $a(Aleph)000313880FED01 035 $a000313880 100 $a20000920d1988----km-y0itay50------ba 101 0 $aita 102 $aIT 200 1 $aMultinationals and Industrial Property$eThe Control of the World's Technology$fGilles Y.Bertin and Sally Wyatt$gForeword by Keith Pavitt. 210 $aLondon$cHarvester Wheatsheaf$d1988. 215 $aVIII, 177 p.$d21 cm 676 $aG/1.4 676 $aH/2.124 676 $aO/1.22 702 1$aBertin,$bGilles Yves 702 1$aWyatt,$bSally 801 0$aIT$bUNINA$gRICA$2UNIMARC 901 $aBK 912 $a990003138800403321 952 $aO/1.20 BER/N.A.$b9717$fSES 959 $aSES 996 $aMultinationals and Industrial Property$9455582 997 $aUNINA DB $aING01 LEADER 00961nam0-22003011i-450- 001 990005520850403321 005 20070126130230.0 035 $a000552085 035 $aFED01000552085 035 $a(Aleph)000552085FED01 035 $a000552085 100 $a19990604d1937----km-y0itay50------ba 101 0 $aita 105 $ay-------001yy 200 1 $aBIBLIOTECA dei Frati Minori Capuccini di Lombardia (1535-1900)$fa cura di P. Ilarino da Milano 210 $aFirenze$cLeo S. Olschki$d1937 215 $aXLV, 322 p.$d32 cm 225 1 $aFontes Ambrosiani. Biblioteca Ambrosiana$v19 610 0 $aCappuccini$aLombardia$aBiblioteca 676 $a271.36$v21$zita 702 1$aIlarino :$cda Milano 801 0$aIT$bUNINA$gRICA$2UNIMARC 901 $aBK 912 $a990005520850403321 952 $a271.36 BIB 1$bST.MED.MOD. 5991$fFLFBC 959 $aFLFBC 996 $aBIBLIOTECA dei Frati Minori Capuccini di Lombardia (1535-1900$9609768 997 $aUNINA